<?xml version="1.0" encoding="UTF-8"?>
<collection xmlns="http://www.loc.gov/MARC21/slim">
<record>
  <controlfield tag="001">108639</controlfield>
  <controlfield tag="005">20211216104750.0</controlfield>
  <datafield tag="037" ind1=" " ind2=" ">
    <subfield code="a">TAZ-TFM-2021-849</subfield>
  </datafield>
  <datafield tag="041" ind1=" " ind2=" ">
    <subfield code="a">eng</subfield>
  </datafield>
  <datafield tag="100" ind1="1" ind2=" ">
    <subfield code="a">Grimaldo Fortes, Mary Loisse</subfield>
  </datafield>
  <datafield tag="242" ind1="0" ind2="0">
    <subfield code="a">Modified PEEK mixed-matrix membranes for pervaporation applications</subfield>
  </datafield>
  <datafield tag="245" ind1="0" ind2="0">
    <subfield code="a">Modified PEEK mixed-matrix membranes for pervaporation applications</subfield>
  </datafield>
  <datafield tag="260" ind1=" " ind2=" ">
    <subfield code="a">Zaragoza</subfield>
    <subfield code="b">Universidad de Zaragoza</subfield>
    <subfield code="c">2021</subfield>
  </datafield>
  <datafield tag="506" ind1=" " ind2=" ">
    <subfield code="a">by-nc-sa</subfield>
    <subfield code="b">Creative Commons</subfield>
    <subfield code="c">3.0</subfield>
    <subfield code="u">http://creativecommons.org/licenses/by-nc-sa/3.0/</subfield>
  </datafield>
  <datafield tag="520" ind1=" " ind2=" ">
    <subfield code="a">La deshidratación del ácido acético a través de la destilación es difícil porque requiere un alto número de etapas y relaciones de reflujo. La pervaporación (PV) es una técnica de separación de membranas donde un componente de una mezcla líquida penetra selectivamente a través de una membrana densa, esta tecnica se utiliza para separaciones donde la destilación es imposible de emplear o no es económica. El problema a los que se enfrentan las membranas es el balance entre la permeabilidad y la selectividad, particularmente, en condiciones ácidas, asi como tambien la resistencia química frente al ácido. Por lo tanto, el desarrollo de las membranas está orientado a mejorar este balance a través de la investigación del rendimiento de varios materiales en mezclas ácidas, como ácido acético y agua.&lt;br />Se investigaron varias membranas compósitas (MMM) densas con PEEK-WC como matriz para la deshidratación de ácido acético mediante pervaporación. Se utilizaron tres MOFs: ZIF-8, HKUST-1 y MIL-101(Cr) en dos concentraciones: 2.5 wt% and 5 wt% respecto al polímero. Las caracterizaciones de las nanoparticulas sintetizadas están de acuerdo con los resultados reportados en la literatura. Además, las caracterizaciones de las MMM mostraron que no tienen defectos, son de naturaleza ligeramente hidrofílica y tienen buenas propiedades térmicas y mecánicas. Los tests de hinchamiento mostraron que las membranas MZ y MH tienen grados más bajos de hinchamiento que la membrana PEEK-WC.&lt;br />De las cinco muestras de membranas, sólo dos (PEEK-WC y MH-2.5) dieron valores estables de permeación. A concentraciones altas de ácido (5%), la membrana PEEK-WC tiene una permeación de agua de 1142 GPU con una selectividad de 7.3 y la membrana MH-2.5 mejoró su permeación (3176 GPU) manteniendo su selectividad (7.7) igual a la de la membrana PEEK-WC. Si el contenido de nanopartículas en la membrana aumenta a 5 wt% (MH-5), la selectividad cae. Esto demostró que con elegir el tipo y el contenido de las nanopartículas apropiadas, las MMM basadas en PEEK-WC pueden mejorar su rendimiento a la permeación del agua.&lt;br />&lt;br /></subfield>
  </datafield>
  <datafield tag="521" ind1=" " ind2=" ">
    <subfield code="a">Máster Universitario Erasmus Mundus en Ingeniería de Membranas</subfield>
  </datafield>
  <datafield tag="540" ind1=" " ind2=" ">
    <subfield code="a">Derechos regulados por licencia Creative Commons</subfield>
  </datafield>
  <datafield tag="700" ind1=" " ind2=" ">
    <subfield code="a">Figoli, Alberto</subfield>
    <subfield code="e">dir.</subfield>
  </datafield>
  <datafield tag="710" ind1="2" ind2=" ">
    <subfield code="a">Universidad de Zaragoza</subfield>
    <subfield code="b"> </subfield>
    <subfield code="c"></subfield>
  </datafield>
  <datafield tag="856" ind1="0" ind2=" ">
    <subfield code="f">836087@unizar.es</subfield>
  </datafield>
  <datafield tag="856" ind1="4" ind2=" ">
    <subfield code="s">2174973</subfield>
    <subfield code="u">http://zaguan.unizar.es/record/108639/files/TAZ-TFM-2021-849.pdf</subfield>
    <subfield code="y">Memoria (eng)</subfield>
  </datafield>
  <datafield tag="856" ind1="4" ind2=" ">
    <subfield code="s">2174973</subfield>
    <subfield code="u">http://zaguan.unizar.es/record/108639/files/TAZ-TFM-2021-849_ANE.pdf</subfield>
    <subfield code="y">Anexos (eng)</subfield>
  </datafield>
  <datafield tag="909" ind1="C" ind2="O">
    <subfield code="o">oai:zaguan.unizar.es:108639</subfield>
    <subfield code="p">driver</subfield>
    <subfield code="p">trabajos-fin-master</subfield>
  </datafield>
  <datafield tag="950" ind1=" " ind2=" ">
    <subfield code="a"></subfield>
  </datafield>
  <datafield tag="980" ind1=" " ind2=" ">
    <subfield code="a">TAZ</subfield>
    <subfield code="b">TFM</subfield>
    <subfield code="c">CIEN</subfield>
  </datafield>
  <datafield tag="999" ind1=" " ind2=" ">
    <subfield code="a">20210825162733.CREATION_DATE</subfield>
  </datafield>
  <datafield tag="951" ind1=" " ind2=" ">
    <subfield code="a">deposita:2021-12-16</subfield>
  </datafield>
</record>
</collection>